000 00375 a2200169 4500
001 189665
020 _a978-85-16-06701-4
040 _cMagnum
100 _aD´aquino, Cássia
240 1 0 _aGanhei um dinheirinho
_lpor
245 1 0 _aGanhei um dinheirinho
300 _a48
362 0 _a2010
440 1 _aModerna
697 _aLITERATURA INFANTO-JUVENIL
942 _cBK
999 _c189665
_d189665